书目信息 |
| 题名: |
工程力学
|
|
| 作者: | 张功学 主编 | |
| 分册: | ||
| 出版信息: | 北京 国防工业出版社 2004.11 |
|
| 页数: | 314页 | |
| 开本: | 26cm | |
| 丛书名: | ||
| 单 册: | ||
| 中图分类: | TB12-43 | |
| 科图分类: | ||
| 主题词: | 工程力学--高等教育--教材 | |
| 电子资源: | ||
| ISBN: | 7-118-03676-5 | |
| 000 | 00853nam0 2200229 450 | |
| 001 | 0135183218 | |
| 005 | 20050505094745.12 | |
| 010 | @a7-118-03676-5@d27.00CNY | |
| 100 | @a20050309d2004 km y0chiy0120 ea | |
| 101 | 0 | @achi |
| 102 | @aCN@b110000 | |
| 105 | @aa z 000yy | |
| 200 | 1 | @a工程力学@Agong cheng li xue@f张功学主编@Fzhang gong xue zhu bian |
| 210 | @a北京@c国防工业出版社@d2004.11 | |
| 215 | @a314页@c图@d26cm | |
| 330 | @a本书内容分为三部分:静力部分包括物体的受力分析与力系的平衡;材料力学部分包括基本变形的强度、刚度计算,应力状态与强度理论,组合变形与压杆稳定;非金属材料部分包括复合材料、聚合物、陶瓷等非金属材料的力学性能简介。 | |
| 333 | @a普通高等教育教材 | |
| 606 | 0 | @a工程力学@x高等教育@x教材 |
| 690 | @aTB12-43@v4 | |
| 701 | 0 | @a张功学@Azhang gong xue@4主编 |
| 801 | 0 | @aCN@bQSSK@c20050505 |
| 905 | @a10447@dTB12-43@eZ107 | |
| 工程力学/张功学主编.-北京:国防工业出版社,2004.11 |
| 314页:图;26cm |
| 使用对象:普通高等教育教材 |
| ISBN 7-118-03676-5:27.00CNY |
| 本书内容分为三部分:静力部分包括物体的受力分析与力系的平衡;材料力学部分包括基本变形的强度、刚度计算,应力状态与强度理论,组合变形与压杆稳定;非金属材料部分包括复合材料、聚合物、陶瓷等非金属材料的力学性能简介。 |
| ● |
| 相关链接 |
|
|
|
正题名:工程力学
索取号:TB12-43/Z107
 
预约/预借
| 序号 | 登录号 | 条形码 | 馆藏地/架位号 | 状态 | 备注 |
| 1 | 498598 | 204985980 | 自科库501/501自科库 3排4列2层/ [索取号:TB12-43/Z107] | 在馆 | |
| 2 | 498599 | 204985999 | 自科库501/501自科库 3排4列2层/ [索取号:TB12-43/Z107] | 在馆 | |
| 3 | 498600 | 204986006 | 自科库501/501自科库 3排4列2层/ [索取号:TB12-43/Z107] | 在馆 |